Elektrická pevnosť izolačných materiálov. Skúšobné metódy. Časť 1: Skúšky pri priemyselných frekvenciách. STN EN 60243-1
Salvato in:
| Natura: | Libro |
|---|---|
| Lingua: | inglese |
| Pubblicazione: |
Bratislava :
Slovenský ústav technickej normalizácie,
2014
|
| Tags: |
Nessun Tag, puoi essere il primo ad aggiungerne!!
|
MARC
| LEADER | 00000nam a22000003a 4500 | ||
|---|---|---|---|
| 001 | 0102492 | ||
| 003 | SK-STU | ||
| 005 | 20230609110447.0 | ||
| 007 | ta | ||
| 008 | 230609s ----xo-----e------000-0-----d | ||
| 040 | |a STU |b slo | ||
| 041 | 0 | |a eng | |
| 044 | |a xo | ||
| 245 | 1 | 0 | |a Elektrická pevnosť izolačných materiálov. Skúšobné metódy. Časť 1: Skúšky pri priemyselných frekvenciách. STN EN 60243-1 |
| 260 | |a Bratislava : |b Slovenský ústav technickej normalizácie, |c 2014 | ||
| 300 | |a 26 s. | ||
| 996 | |b 284EO00575 |c E*O-575 |l EE32 |s P |a 0 |w 0102492_0001 | ||